高層ビルのある市区町村 - Statistics

General Stats
  • This quiz has been taken 120 times
  • The average score is 47 of 141
Answer Stats
市町村の数 ヒント 棟数 Answer % Correct
2市町村 北海道 1 56棟 札幌市
100%
1市町村 宮城県 4 40棟 仙台市
74%
1市町村 岩手県 3 2棟 盛岡市
73%
1市町村 秋田県 5 1棟 秋田市
73%
2市町村 山形県 6 2棟 山形市
71%
2市町村 福島県 8 1棟 福島市
66%
5市町村 茨城県 10 1棟 水戸市
66%
11 2棟 つくば市
60%
9 3棟 郡山市
60%
1市町村 栃木県 15 4棟 宇都宮市
59%
12市町村 埼玉県 18 35棟 さいたま市
59%
17 2棟 前橋市
54%
19 16棟 川口市
54%
2市町村 群馬県 16 3棟 高崎市
53%
11市町村 千葉県 30 31棟 千葉市
50%
12 1棟 土浦市
47%
20 1棟 川越市
47%
31 2棟 船橋市
44%
32 2棟 松戸市
42%
33 5棟 市川市
42%
34 10棟 柏市
41%
30市区町村 東京都 41 103棟 千代田区
41%
43 173棟 港区
41%
7 1棟 上山市
41%
21 10棟 所沢市
41%
22 2棟 越谷市
41%
42 67棟 中央区
39%
7市町村 神奈川県 71 102棟 横浜市
39%
1市町村 富山県 80 4棟 富山市
39%
2市町村 新潟県 78 8棟 新潟市
38%
3市町村 岐阜県 84 6棟 岐阜市
38%
5市町村 静岡県 87 16棟 静岡市
38%
市町村13 大阪府 104 218棟 大阪市
38%
5市町村 兵庫県 117 75棟 神戸市
38%
1市町村 長崎県 134 3棟 長崎市
38%
1市町村 熊本県 135 5棟 熊本市
38%
1市町村 大分県 136 2棟 大分市
38%
1市町村 鹿児島県 138 3棟 鹿児島市
38%
3市町村 沖縄県 139 4棟 那覇市
38%
44 53棟 新宿区
37%
1市町村 福井県 82 3棟 福井市
37%
1市町村 山梨県 83 1棟 甲府市
37%
5市町村 愛知県 92 75棟 名古屋
37%
2市町村 三重県 97 1棟 津市
37%
3市町村 滋賀県 99 3棟 大津市
37%
2市町村 京都府 102 2棟 京都市
37%
2市町村 和歌山県 122 3棟 和歌山市
37%
2市町村 広島県 125 34棟 広島市
37%
2市町村 香川県 127 4棟 高松市
37%
3市町村 福岡県 131 35棟 福岡市
37%
1市町村 宮崎県 137 1棟 宮崎市
37%
72 47棟 川崎市
36%
73 12棟 相模原市
36%
1市町村 石川県 81 4棟 金沢市
36%
88 7棟 浜松市
36%
1市町村 高知県 130 2棟 高知市
36%
132 11棟 北九州市
36%
13 1棟 古河市
36%
74 5棟 藤沢市
34%
98 1棟 四日市市
34%
105 4棟 堺市
34%
1市町村 岡山県 124 11棟 岡山市
34%
37 7棟 浦安市
33%
85 1棟 大垣市
33%
100 4棟 草津市
33%
118 9棟 尼崎市
33%
126 2棟 福山市
33%
133 2棟 久留米市
33%
75 2棟 横須賀市
32%
93 2棟 豊橋市
32%
106 2棟 東大阪市
32%
14 1棟 守谷市
32%
48 51棟 江東区
31%
119 1棟 明石市
31%
120 6棟 西宮市
31%
1市町村 愛媛県 129 1棟 今治市
31%
25 1棟 春日部市
31%
52 31棟 渋谷区
30%
89 2棟 熱海市
30%
94 1棟 岡崎市
30%
107 2棟 豊中市
30%
108 1棟 吹田市
30%
23 2棟 草加市
30%
45 6棟 文京区
28%
49 46棟 品川区
28%
54 17棟 豊島区
28%
76 2棟 厚木市
28%
86 1棟 多治見市
28%
110 4棟 高槻市
28%
24 1棟 上尾市
28%
103 1棟 長岡京市
27%
112 4棟 枚方市
27%
50 6棟 目黒区
26%
77 8棟 海老名市
26%
2 4棟 占冠村
26%
35 2棟 八千代市
24%
53 9棟 中野区
24%
55 1棟 北区
24%
113 2棟 八尾市
24%
121 4棟 宝塚市
24%
36 3棟 習志野市
23%
46 8棟 台東区
23%
47 8棟 墨田区
23%
51 6棟 世田谷区
23%
62 1棟 八王子市
23%
114 1棟 泉佐野市
23%
128 1棟 宇多津町
23%
29 1棟 蕨市
23%
38 5棟 佐倉市
22%
57 2棟 板橋区
22%
64 2棟 武蔵野市
22%
90 1棟 三島市
22%
56 9棟 荒川区
21%
59 3棟 足立区
21%
91 1棟 沼津市
21%
101 1棟 栗東市
21%
123 1棟 白浜町
21%
28 1棟 戸田市
21%
58 3棟 練馬区
20%
60 2棟 葛飾区
20%
61 4棟 江戸川区
20%
65 1棟 府中市
20%
66 1棟 調布市
20%
69 3棟 多摩市
20%
95 1棟 小牧市
20%
140 1棟 浦添市
20%
63 1棟 立川市
19%
67 1棟 町田市
19%
116 1棟 摂津市
19%
26 1棟 ふじみ野市
19%
115 2棟 寝屋川市
18%
27 2棟 富士見市
18%
68 2棟 国分寺市
17%
79 4棟 湯沢町
17%
109 2棟 泉大津市
17%
111 4棟 守口市
17%
39 2棟 印西市
16%
70 1棟 西東京市
16%
40 1棟 鴨川市
9%
96 1棟 南知多町
7%
141 1棟 北谷町
7%
No matching quizzes found
Score Distribution
Percent of People with Each Score
Percentile by Number Answered
Your Score History
You have not taken this quiz